[Event "Corsica Masters rap 06th"]
[Site "Bastia"]
[Date "2002.11.04"]
[Round "4.5"]
[White "Karpov, Anatoly"]
[Black "Anand, Viswanathan"]
[Result "0-1"]
[WhiteElo "2688"]
[BlackElo "2755"]
[Annotator "Ftacnik,L"]
[PlyCount "68"]
[EventDate "2002.11.01"]
[EventType "k.o. (rapid)"]
[EventRounds "4"]
[EventCountry "FRA"]
[SourceTitle "CBM 092"]
[Source "ChessBase"]
[SourceDate "2003.02.06"]
[SourceVersion "1"]
[SourceVersionDate "2003.02.06"]
[SourceQuality "1"]

1. d4 {Kostakiev} Nf6 2. c4 g6 3. Nf3 Bg7 4. g3 d5 5. Bg2 dxc4 6. Na3 c5 7. O-O
O-O 8. Nxc4 Be6 9. b3 Nc6 10. Bb2 Bxc4 11. bxc4 Ne8 12. e3 Nd6 {The knights
will be dangerously attacking central pawns, but bishops pair promises white
chances for some advantage.} 13. Qe2 cxd4 14. exd4 (14. Nxd4 $1 Nxd4 15. exd4
Qc7 (15... Nf5 16. Rfe1 Bxd4 17. Rad1 e5 18. Bxb7 Rb8 19. Bxd4 exd4 20. Be4 $14
) 16. Rac1 e6 17. Rfd1 $14) 14... Nf5 {Kostakiev: 'Typical middlegame problem.
Capablanca said that 2 neigbour pawns are stronger being at the same
horizontal. Here Black makes it impossible due to the effective maneouvre
Nf6-e8-d6-f5xd4.'} (14... e6 {Kostakiev} 15. Ne5 $14) 15. d5 {Kostakiev:
'Pushing d4-d5 White closes the diagonal Bg2-a8. So we shall enter to the
field of another typical middlegame position: Backward Pc4 with Bg2. If White
wanted a draw he could continue'} (15. Rfd1 Nfxd4 $1 16. Nxd4 Nxd4 17. Qe3 (17.
Bxd4 {Kostakiev} Bxd4 18. Rab1 e5 $11) 17... e5 $11) (15. Rad1 {Kostakiev}
Ncxd4 16. Nxd4 Nxd4 17. Qe4 f5 18. Qe3 (18. Qxb7 {Kostakiev} Rb8 19. Rxd4 Rxb7
20. Rxd8 Rxb2 21. Rd7 Rxa2 22. Bd5+ Kh8) 18... e5 19. f4 Qb6 20. Bd5+ Kh8 21.
Rd2 Nc6 22. Qxb6 axb6 23. fxe5 Bxe5 24. Rb1 $14) 15... Bxb2 16. Qxb2 Na5 17.
Rac1 (17. c5 $6 Qxd5 18. Rac1 Qd7 19. Rfd1 Qc7 20. g4 Ng7 21. Qe5 Rfc8 $15)
17... b6 18. Ne5 (18. c5 $5 bxc5 (18... Rc8 19. c6 Qxd5 20. Rfd1 Qe6 21. Ng5
Qf6 22. Qxf6 exf6 23. Nh3 $14) 19. Rxc5 Rb8 20. Qe5 Rc8 21. Rfc1 $14) 18... Rc8
19. Rfd1 (19. Qe2 $5 Rc5 (19... Rc7 20. Rfe1 $14) 20. Rfe1 Qc7 21. Bh3 $14)
19... Rc5 20. h4 $6 {The idea of attacking kingside is not so bad, but it
fails tactically.} (20. Qe2 Qd6 21. Bh3 $14) 20... Qc7 21. Qe2 (21. Bh3 Rc8 22.
d6 Nxd6 (22... exd6 23. Ng4 $14) 23. Bxc8 Qxc8 24. Qd4 $11) 21... Nd6 22. Nc6 (
22. h5 b5 23. Qg4 Nf5 $15) 22... Re8 23. Re1 (23. Nxa5 Rxa5 24. Bf1 Rc5 $15)
23... e5 $1 (23... Naxc4 24. Qf3 Ne5 25. Qe3 Nxc6 26. Rxc5 bxc5 27. dxc6 c4 $15
) (23... Nxc6 24. dxc6 {Kostakiev: 'Pc6 is rather strong point than weakness.
"A White P which can not be captured after having reached to the 6 horisontal
is equivalent at least of 2.1/2 P" , used to say the bulgarian student's chess
coach Radko Bobekov. He menaged the team who became World champion.'} {
Kostakiev: Now 24...} e5 {Kostakiev: 'is not so nice as the idea e5-e4 in the
text because of '} 25. Bd5 $1 e4 26. Qg4 $13) 24. h5 $2 {A consequent move in
the wrong direction, Anand will now get the spare pawn and a winning position.}
(24. Nxa5 Rxa5 25. Qb2 f6 26. h5 Rc5 $15) 24... Nxc6 25. dxc6 e4 $1 26. hxg6
hxg6 27. Red1 Qxc6 28. Rd4 Rce5 (28... f5 29. g4 Nb5 30. Rdd1 Na3 31. Bf1 f4
$17) 29. Rcd1 Nf5 (29... R8e6 30. Bh3 f5 31. Bf1 Nf7 $17) 30. Rd5 Qf6 31. a4 (
31. Bh3 Rxd5 $1 (31... e3 32. Bxf5 Qxf5 33. fxe3 Qh3 34. Qg2 Qxg2+ 35. Kxg2
Rxe3 $17) 32. Rxd5 Nd4 $19) 31... e3 32. f4 $2 (32. Rxe5 Qxe5 33. g4 exf2+ 34.
Qxf2 Ne3 35. Rd7 Qe6 36. Rd4 Nxg4 $19) 32... Nxg3 33. Qf3 Qxf4 $1 34. Rxe5 (34.
Qxf4 Ne2+ 35. Kf1 Nxf4 $19) 34... Rxe5 0-1

[Event "Corus"]
[Site "Wijk aan Zee"]
[Date "2003.01.23"]
[Round "10"]
[White "Shirov, Alexei"]
[Black "Anand, Viswanathan"]
[Result "0-1"]
[WhiteElo "2723"]
[BlackElo "2753"]
[Annotator "Ftacnik,L"]
[PlyCount "72"]
[EventDate "2003.01.11"]
[EventType "tourn"]
[EventRounds "13"]
[EventCountry "NED"]
[EventCategory "18"]
[SourceTitle "CBM 093"]
[Source "ChessBase"]
[SourceDate "2003.04.01"]
[SourceVersion "1"]
[SourceVersionDate "2003.04.01"]
[SourceQuality "1"]

1. e4 c6 2. d4 d5 3. e5 Bf5 4. Nc3 e6 5. g4 Bg6 6. Nge2 c5 7. Be3 Nc6 8. dxc5
Nxe5 9. Nf4 Ne7 10. Qe2 N7c6 (10... Be4 11. Nxe4 dxe4 12. Bg2 $14) (10... d4
11. O-O-O $1 N7c6 (11... Nd3+ 12. Nxd3 $1 (12. cxd3 dxc3 13. bxc3 Nd5) 12...
dxc3 13. Ne5 $1 cxb2+ 14. Kb1 $1 (14. Kxb2 Qc7 15. Bf4 Qxc5 16. Qb5+ Nc6 $15)
14... Qc7 15. Bg2 $1 a6 (15... Nc6 $2 16. Nxc6 bxc6 17. Qa6 $18) 16. Qc4 $16)
12. Nxg6 hxg6 13. Bxd4 Qg5+ 14. Be3 Qxg4 15. Nb5 $14 {^^}) 11. O-O-O Be7 {
Shirov was surely presuming, that if he drags his opponent to irational waters
his would be the advantage of a "home turf". Unfortunatelly for him Anand is
quite universial soldier with excellent calculation and no fear of shadows.} (
11... Qa5 12. Bd4 $5 Nxd4 $2 (12... Nd7 $1 13. Nxe6 $5 (13. Ncxd5 O-O-O $1 (
13... Nxd4 14. Rxd4 O-O-O (14... Bxc5 15. Nxe6 $1 $18) 15. Nxg6 hxg6 16. Nc3
Bxc5 17. Rf4 $13) 14. Nc3 Nxd4 15. Rxd4 Bxc5 $15) (13. Nfxd5 O-O-O $15) (13. h4
O-O-O 14. h5 Bxc2 $1 15. Qxc2 (15. Kxc2 e5 $15) 15... e5 $15) 13... fxe6 14.
Qxe6+ Be7 15. Bxg7 (15. Nxd5 Bf7 16. Qe4 Bxd5 17. Qxd5 Nxd4 18. Rxd4 O-O-O 19.
Bg2 Nxc5 20. Qf5+ Kb8 $17) 15... Bf7 (15... Nxc5 16. Qe3 Rg8 17. Bf6 Ne4 18.
Bxe7 Nxe7 19. Bb5+ $44) 16. Qh6 Rg8 17. Bg2 O-O-O $13) 13. Rxd4 Nc6 {[#]} (
13... Nd7 14. Nxe6 $1 fxe6 15. Qxe6+ Be7 16. Bb5 $18) 14. Nxe6 $1 fxe6 (14...
Nxd4 15. Nxd4+ Be7 16. Nxd5 Qxc5 17. Bg2 $16) 15. Qxe6+ Be7 16. Bb5 Rd8 (16...
Kf8 17. Rf4+ Bf6 18. Bxc6 bxc6 19. g5 Qc7 20. Qg4 $16) 17. Nxd5 Rxd5 18. Bxc6+
bxc6 19. Qxc6+ Kf8 20. Qxd5 Qxc5 (20... Bf6 21. Rf4 $18) 21. Rf4+ $1 Ke8 22.
Qxc5 Bxc5 23. Rc4 {1-0 De Vreugt,D-Kallai,G/Germany 2001/ (36)}) 12. Nfxd5 (12.
h4 $5 Bxh4 (12... Qa5 $5 13. h5 Be4 $13) 13. Nxg6 Nxg6 $1 (13... hxg6 14. f4
Nd7 (14... Nc4 15. Bf2 $16) 15. g5 Rh5 16. Bh3 $16) 14. f4 (14. Nxd5 Qa5 $1 15.
Bg2 O-O-O $13) 14... Be7 (14... Rc8 15. g5 $1 d4 (15... Nce7 16. Bh3 $44) 16.
Nb5 Qd5 17. Nd6+ Ke7 18. Nxc8+ Rxc8 19. Qb5 $14) 15. g5 Qa5 $1 $15) 12... exd5
13. f4 (13. Nxd5 Be4 $1 14. Nf6+ (14. Rg1 Bxd5 15. Bg2 Qa5 16. Bxd5 O-O 17. f4
Ng6 $17) 14... Bxf6 15. Rxd8+ Rxd8 16. Rg1 Bf3 17. Qe1 Rd1+ 18. Qxd1 Bxd1 19.
Kxd1 Nf3 $19) 13... d4 14. h4 (14. fxe5 Bg5 $1 15. Bxg5 Qxg5+ 16. Kb1 dxc3 $19)
14... Nd3+ $1 {This jump of a trojan horse practically refutes white's concept,
for the piece he will be left with foggy prospects of compensation.} (14... Qa5
15. Bxd4 Nd3+ 16. cxd3 Nxd4 17. Qe5 O-O-O 18. Bh3 $15) 15. cxd3 (15. Rxd3 Bxd3
16. Qxd3 dxe3 $19) 15... h5 (15... dxe3 16. h5 Bxc5 $15) 16. f5 Bh7 17. Bd2 (
17. Ne4 dxe3 18. Qxe3 Qd4 $19) 17... dxc3 18. Bxc3 O-O 19. d4 (19. gxh5 Bxc5
20. h6 (20. f6 Bd4 21. fxg7 Kxg7 22. Rg1+ Kh8 $19) (20. d4 Bxd4 21. h6 Qf6 $19)
20... Re8 $19) 19... a5 20. a3 (20. d5 Nb4 21. d6 Nxa2+ 22. Kc2 Bxh4 $19) 20...
Re8 21. Qc4 (21. Qf2 hxg4 22. d5 Nb4 23. axb4 axb4 24. Bd4 Qxd5 $19) 21... Bxh4
22. Bd3 (22. d5 Ne5 23. Bxe5 Rxe5 24. Bh3 Bf2 $19) 22... hxg4 {Black is
quietly building up the base for the pawn break in the endgame.} (22... Qg5+
23. Kb1 Qxg4 24. Rhg1 Bg3 25. f6 Bxd3+ 26. Qxd3 h4 $19) 23. Kb1 Qg5 24. Ka1 (
24. f6 Bxd3+ 25. Qxd3 Qxf6 26. Rdf1 Qg5 27. Rf5 Qh6 28. d5 Rad8 $19) 24... Rad8
25. Bb1 (25. d5 Ne5 26. Qd4 Nxd3 27. Rxh4 Nxc5 28. Qxg4 Qxg4 29. Rxg4 Bxf5 30.
Rxg7+ Kf8 $19) 25... Ne7 26. Bxa5 (26. f6 $5 Nd5 27. Bxh7+ Kxh7 28. Bd2 Qh5 (
28... Qxf6 29. Rdf1 Qe7 30. Rf5 $11) 29. Be1 g5 $17) 26... Bxf5 27. Bxd8 Rxd8 {
[%mdl 1024] The material imbalance on the board has reached it's maximum, the
main hero will be the black g4 pawn.} 28. Rhf1 (28. Qb3 Bxb1 29. Kxb1 Bf2 30.
Qxb7 g3 $19) 28... g6 29. Qb3 (29. Bxf5 Nxf5 30. Rd3 g3 $19) 29... Be6 30. Qxb7
Qd5 31. Qxd5 (31. Qa6 Nc6 32. Rf4 f5 (32... Bg3 33. Re4 Bf2 34. Rxe6 Qxe6 35.
Ba2 Qd7 $19) 33. Rd3 Rb8 $19) 31... Nxd5 32. Rh1 $6 (32. Rd3 Bf6 33. Rfd1 Kf8
$17) 32... Bf2 $1 {After such move it is not even possible to slow down the
mad rush of the g pawn.} 33. c6 (33. Be4 f5 34. Bg2 Ne3 35. Rd2 g3 $19) 33...
Rc8 34. Rc1 g3 35. Be4 Nf6 (35... Ne3 36. Rc5 g2 37. Bxg2 Nxg2 $19) 36. Bg2 Bd5
(36... Bd5 37. Bxd5 Nxd5 38. Kb1 g2 $19) 0-1

[Event "Linares 20th"]
[Site "Linares"]
[Date "2003.03.09"]
[Round "14"]
[White "Anand, Viswanathan"]
[Black "Kasparov, Garry"]
[Result "1/2-1/2"]
[WhiteElo "2753"]
[BlackElo "2847"]
[Annotator "Rogozenco,D"]
[PlyCount "64"]
[EventDate "2003.02.22"]
[EventType "tourn"]
[EventRounds "14"]
[EventCountry "ESP"]
[EventCategory "20"]
[SourceTitle "CBM 094"]
[Source "ChessBase"]
[SourceDate "2003.05.26"]
[SourceVersion "1"]
[SourceVersionDate "2003.05.26"]
[SourceQuality "1"]

1. e4 c5 2. Nf3 Nc6 3. Nc3 {A very popular move order lately. The main purpose
is to avoid Sveshnikov Sicilian.} g6 {Although Kasparov has very good memories
in Dragon against Anand (remember their New-York match in 1995), this choice
is rather surprising, as Kasparov didn't play any more Dragon games after that
match. Sveshnikov aficionados are forced to play either 3...e5, or 3...Nf6, in
case they wouldn't like to have any other line of Opening Sicilian.} 4. d4 {
Now White switched to the Opening Sicilian. This is main advantage of 3.Nc3
comparing with most Anti-Sicilian lines. It is more flexible.} cxd4 5. Nxd4 Bg7
6. Be3 Nf6 7. Bc4 O-O 8. Bb3 d6 (8... Na5 $2 {was refuted by Fischer almost
half a century ago:} 9. e5 Ne8 10. Bxf7+ Kxf7 (10... Rxf7 11. Ne6 {wins the
queen}) 11. Ne6 $1 dxe6 (11... Kxe6 12. Qd5+ Kf5 13. g4+ Kxg4 14. Rg1+ {
and mate}) 12. Qxd8 $18 {Fischer-Reshevsky, New York, 1958.}) 9. h3 {A
surprise from Anand, I suspect a pleasant one for Kasparov. Vishy doesn't feel
like entering the main lines. Dragon must have been a surprise again for him,
after so many years...} Na5 (9... Bd7) 10. O-O b6 {This is a simple set-up for
Black, enough for equality. As usual in lines where White castles short in
Dragon (the so-called Classical Dragon), Black has a good play right from the
opening. Nevertheless White's position contains certain poison - he hopes to
create some pressure in the center. Black needs to be careful and play
precisely, otherwise he might easily end up in a position with no counterplay.}
11. Re1 {White also chooses a clear plan. He intends Bg5, followed by Nd5.
After that it is likely that the e-file will be opened and White will get his
pressure on e7.} (11. Qd3) 11... Bb7 12. Bg5 Nxb3 13. axb3 h6 14. Bh4 Qd7 $1 {
Kasparov succeeds to improve even in such a sideline of Dragon. As we'll see,
by controling square f5 Black is taking measures against White's plan with Nd5.
Strictly speaking, this is not a novelty, though. In the game
Aleksis-Abramovic given below Black also played 14...Qd7! (although the
position was reached by a slightly different move order), but later White won
convincingly and that's why nobody payed attention to 14...Qd7 before.} (14...
a6 {was the usual move, considered a must, after which White can be happy with
his position:} 15. Nd5 e6 (15... Nxd5 16. exd5 g5 $2 17. Nf5 $1 {the
difference to the game - White can play Nf5, threatening besides Nxe7 also Qg4.
} Re8 18. Bg3 $16) 16. Nxf6+ Bxf6 17. Bxf6 Qxf6 {and although it is about
equal, White has practically no risk of losing and can slowly try to make
progress.}) 15. Qd2 (15. Nd5 $2 Nxd5 16. exd5 g5 17. Bg3 Bxd5 {and Black is
just a pawn up, since White cannot exploit the unprotected position of Black's
bishop on d5.}) 15... Nh5 $146 {In opposite to the previous game played with
this position, Kasparov takes full advantages of his rook on f8.} (15... Rfe8
16. Rad1 Nh5 17. Nde2 b5 18. Ng3 Nxg3 19. Bxg3 a5 20. e5 Qc6 21. f3 a4 22. exd6
exd6 23. Rxe8+ Rxe8 24. Qxd6 Ra8 $6 25. bxa4 bxa4 26. Rd3 Qe8 27. Kh2 h5 28.
Qb6 Ba6 29. Re3 Qd7 30. Be5 Bh6 31. Qf6 Kh7 32. Ne4 Qe8 33. Ng5+ {1-0 Aleksic,
N-Abramovic,B/Barcelona 1991.}) 16. f3 (16. Nde2 g5 17. Bg3 f5 $5 18. exf5 Qxf5
$36) 16... e5 $5 {A very powerful play by Kasparov. Suddenly White is facing
serious problems in a relatively safe opening variation.} 17. Nde2 ({Kasparov
would have surely enjoyed the position after} 17. Ndb5 d5 18. Nxa7 ({or} 18.
exd5 a6 19. Na3 b5 $17) 18... d4 19. Ncb5 f5 20. exf5 gxf5 {when white knights
are stuck on far away from the king.} (20... Rxf5 {followed by Raf8 with
strong initiative as well.})) 17... f5 {Black's chances are already preferable
from the practical point of view - he has the initiative. However, White
didn't make any obvious mistakes and his position surely contains enough
resources.} 18. Red1 {A strange-looking move. The rook might be needed either
on e1 or f1.} (18. Rad1 $5) 18... fxe4 19. fxe4 g5 20. Bf2 g4 (20... Nf4 $5 21.
Qxd6 $140 $2 Nxe2+ 22. Nxe2 Qf7 $17 {[%csl Rf2][%cal Gb7e4]}) 21. h4 (21. Qxd6
$2 Qf7 22. Be3 (22. Bh4 gxh3 23. Rf1 Nf4 24. Nxf4 exf4 $17) 22... gxh3 23. Rf1
Nf6 $1 (23... Nf4 $5) 24. g3 (24. Rf3 hxg2 {[%csl Rg1]}) 24... Nxe4 $5 $17 25.
Nxe4 $140 $2 h2+ $19) 21... Nf4 22. Qxd6 {Otherwise White's pressure on the
d-file is worth little, but taking on d6 is surely a "walking on the edge
strategy".} (22. Bg3 $5 {[%cal Gd1f1]}) (22. Ng3 $5) 22... Qf7 (22... Nxe2+ $5
23. Nxe2 Qf7 {[%cal Gb7e4]}) 23. Nxf4 $1 {A concrete approach. Anand improves
Black's pawn structure, but on the other hand with his next move Anand forces
the trade of queens, which favours White - his king won't be in danger anymore,
at least not very soon.} exf4 24. Qd7 Qxd7 25. Rxd7 Rf7 {Even in endgame
Black's position is preferable thanks to his very strong kingside pawns, but
with accurate play White has no real problems to make a draw. He still
controls the d-file and if Black ever takes on c3 and e4, then arising endgame
with opposite-coloured bishops will be drawish.} 26. Rd6 (26. Rad1 Raf8 $5)
26... Kh7 27. Rad1 Re8 {Kasparov tries to avoid the inevitable trade of his
bishops.} ({After} 27... Bxc3 28. bxc3 Bxe4 {most precise is} 29. Re1 $11) 28.
Rd7 Ree7 29. Rxe7 Rxe7 30. Bd4 Rd7 31. Nd5 {The most precise way to draw the
game.} (31. Bxg7 $2 Rxd1+ 32. Nxd1 Kxg7 33. Nc3 Kf6 $19) 31... Bxd5 32. Bxg7
Bc6 {No more resources to fight. Finally the previsible opposite-coloured
bishop endgame will arise.} 1/2-1/2

[Event "Middelfart SIS-MH Masters"]
[Site "Middelfart"]
[Date "2003.04.05"]
[Round "3"]
[White "Hector, Jonny"]
[Black "Anand, Viswanathan"]
[Result "0-1"]
[WhiteElo "2570"]
[BlackElo "2753"]
[Annotator "Gofshtein,L"]
[PlyCount "88"]
[EventDate "2003.04.05"]
[EventType "tourn (rapid)"]
[EventRounds "6"]
[EventCountry "DEN"]
[EventCategory "16"]
[SourceTitle "CBM 095"]
[Source "ChessBase"]
[SourceDate "2003.07.25"]
[SourceVersion "1"]
[SourceVersionDate "2003.07.25"]
[SourceQuality "1"]

1. e4 c5 2. Nf3 d6 3. d4 cxd4 4. Nxd4 Nf6 5. Nc3 a6 6. Bg5 e6 7. f4 Qb6 {
Favourite variation by Bobby Fischer;} 8. Qd2 Qxb2 9. Nb3 {[%mdl 4] One of
main lines in this variation by white; There is no clear conclusion of this
variation by opening theory- maybe this attracts white to play it; The
alternative, 9.Rb1, is well developed by theory;} Qa3 10. Bd3 Nc6 11. O-O Be7
12. Kh1 $6 {12.Rae1 is much more aggresive, as you can find out from the game
mentioned below; In addition, black can't simplify the game by Nxe4 like here,
while black managed to escape anyhow;} (12. Rae1 h6 13. Bh4 Qb4 (13... Nxe4 $4
14. Rxe4 Bxh4 15. Ra4 Qb2 16. Rb1 $18) 14. Kh1 Na5 15. Nxa5 Qxa5 16. e5 Ne4 17.
Rxe4 Bxh4 18. Ra4 Qb6 19. Rb1 Qd8 20. Ne4 dxe5 21. fxe5 O-O {1/2-1/2
Gasiorowski,R-Sakharov,Y/Krakow 1969/EXT 2001 (29)}) 12... h6 $5 {Typical move
in this position- if white draws the Bishop now, black may simplify by Nxe4
blow;} 13. Bxf6 Bxf6 {Black isn't suffering anymore after the trade of white
dark square Bishop;} 14. Rf3 Qb4 {Queen is just getting closer to its camp;}
15. e5 {Just the attempt to mess things up;} dxe5 16. a3 Qe7 17. f5 O-O {
White's attack is blown out, and black probably has decisive advantage already;
} 18. Raf1 Bg5 19. Qf2 exf5 20. Bxf5 Bxf5 21. Rxf5 Rad8 {Black is just
bringing the undeveloped rook in;} 22. Ne4 Bf4 23. g3 Qe6 $1 {By this tricky
move, black is realeasing his bishop;} 24. Rf6 (24. Rh5 Qg6 25. Qf3 f5 26. Nec5
e4 $19) 24... Qd5 25. Qg2 Bg5 $19 26. R6f5 Be7 27. g4 f6 28. h4 {White
continues with 2 pawns down expecting for some miracle;} Qc4 29. g5 fxg5 30.
hxg5 Rxf5 31. Rxf5 hxg5 {The position got more simplified; White doesn't have
any chances here, but bluffing;} 32. Rf2 Qe6 33. Nbd2 g4 34. Qg3 Nd4 {Just
bringing the knight in;} 35. c3 Nb5 36. Rg2 Nxa3 37. Qxg4 Qxg4 38. Rxg4 b5 {
White could resign here or even much earlier without making pointless moves;}
39. Nf3 Nc4 40. Rg6 a5 41. Re6 Bf8 42. Nfg5 Ra8 43. Rg6 Be7 44. Ne6 Kf7 0-1